000 nam a22 7a 4500
999 _c10226
_d10226
008 180213b ||||| |||| 00| 0 eng d
100 _aStella,D.
_96220
245 _aEncyclopedia of Communication
260 _aNew Delhi
_bAnmol
_c2006